Amor, poder y justicia: análisis ontológicos y aplicaciones éticas
保存先:
| 第一著者: | |
|---|---|
| フォーマット: | 図書 |
| 言語: | スペイン語 |
| 出版事項: |
Barcelona
Ariel
1970
|
| シリーズ: | Libros del Nopal
|
| 主題: | |
| タグ: |
タグ追加
タグなし, このレコードへの初めてのタグを付けませんか!
|
MARC
| LEADER | 00000nam a2200000 a 4500 | ||
|---|---|---|---|
| 001 | UCT7277 | ||
| 003 | CL-VaPUC | ||
| 008 | 970117e19700000SP |||||||||||||||||spa|d | ||
| 082 | 0 | 4 | |a 170 |b TIL |2 21 |
| 100 | 0 | |a Tillich, Paul |e author |9 378190 | |
| 245 | 1 | 0 | |a Amor, poder y justicia: análisis ontológicos y aplicaciones éticas |
| 300 | |a 164 p | ||
| 942 | |c BK | ||
| 945 | |d 19970117 00:00:00 |a rbrito | ||
| 260 | |a Barcelona |b Ariel |c 1970 | ||
| 650 | 0 | |a Amor |9 257817 | |
| 650 | 7 | |a PODER |2 CL-VaPUC |9 378191 | |
| 650 | 0 | |a Justicia |9 255408 | |
| 650 | 0 | |a Ontología |9 256850 | |
| 650 | 0 | |a Fenomenología |9 256519 | |
| 650 | 0 | |a Ética |9 255099 | |
| 583 | |a last modification |c 19970117 00:00:00 |k Rodrigo Vera | ||
| 490 | 0 | |a Libros del Nopal | |
| 999 | |c 255916 |d 255914 | ||
| 952 | |0 0 |1 2 |4 0 |6 170_000000000000000_TIL_1970 |7 0 |8 A |9 278402 |a BIBTEO |b BIBTEO |d 2019-11-19 |i 2010372 |o 170 TIL 1970 |p 2010372 |r 2019-11-19 |w 2019-11-19 |x Descarte 2019 |y BK |k ICR | ||